00319nam a2200121Ia 4500008004100000041000800041082001600049100001800065245003200083250000800115260006500123300000900188231228s2011 xx 000 0 und d aeng a657.42bLAL aLAL (Jawahar) aCost and Financial Analysis a3rd aNew DelhibHimalaya Publishing House Mumbai, New Delhic2011 aMisc